Territori d'oltremare britannici - Statistics

Statistiche generali
  • Questo quiz è stato fatto 58 volte
  • Il punteggio medio è 7 su 14
Statistiche sulle risposte
Superficie (km²) Popolazione (ab.) Capitale Territorio d'oltremare % Corretto
6,8 27 776 Gibilterra Gibilterra
89%
153 21 730 Road Town Isole Vergini Britanniche
75%
12 173 2 967 Stanley Isole Falkland
64%
58,8 64 482 Hamilton Bermuda
61%
109 6 563 Jamestown Sant'Elena, Ascensione e Tristan da Cunha
61%
102 12 800 The Valley Anguilla
56%
47 56 Adamstown Isole Pitcairn
56%
1 709 400 200 (scienziati) Rothera (base principale) Territorio Antartico Britannico
44%
60 3 200 (militari) Diego Garcia (base militare) Territorio Britannico dell'Oceano Indiano
42%
417 36 605 Cockburn Town Turks e Caicos
42%
260 46 600 George Town Isole Cayman
39%
102 5 215 Plymouth (de iure)Brades (de facto) Montserrat
33%
3 903 11 / 26 (scienziati) King Edward Point / Grytviken Georgia del Sud e Isole Sandwich Australi
31%
254 15 000 (militari) Episkopi Cantonment Area delle Basi Sovrane di Akrotiri e Dhekelia
28%
Nessun quiz corrispondente trovato
Distribuzione punteggi
Percentuale di utenti per punteggio
Percentile per numero di risposta
I tuoi punteggi nel tempo
Non hai fatto questo quiz